| 000 | 00399cam a22001097a 4500 | ||
|---|---|---|---|
| 008 | 180718b1971 xxu||||| |||| 00| 0 eng d | ||
| 082 | _aK235x42 Un3s | ||
| 245 |
_aSalary tables: showing monthly and daily rates for salaries _cby Civil Service Department, United Kingdom |
||
| 260 |
_aLondon _bHer Majesty's Stationery Office _c1971 |
||
| 300 | _a18p. | ||
| 700 | _aUnited Kingdom. Civil Service Department | ||
| 999 |
_c499854 _d499854 |
||